Größte Fußballvereine Bayerns (aktuell) - Statistiken

Allgemein
  • Dieses Quiz wurde 297 mal gespielt
  • Das Durchschnittsergebnis liegt bei 7 aus 8
Antwortstatistiken
Liga Verein % Korrekt
1.Liga FC Bayern München
100%
1.Liga FC Augsburg
97%
2.Liga 1.FC Nürnberg
96%
3.Liga TSV 1860 München
90%
2.Liga SpVgg Greuther Fürth
87%
3.Liga FC Ingolstadt 04
81%
3.Liga SSV Jahn Regensburg
78%
3.Liga SpVgg Unterhaching
70%
Keine übereinstimmenden Quizze gefunden
Verteilung der Resultate
Anzahl Personen mit jedem Resultat
Perzentil nach korrekt beantworteten Fragen
Ihre Resultats-Entwicklung
Sie haben dieses Quiz noch nicht gespielt